Records du monde sportifs - Statistiques

Statistiques générales
  • Ce quiz a été pris 1 743 fois
  • Le résultat moyen est 5 sur 21
Statistiques - réponses
Record Sportif Performance % Correct
Le 100m sprint le plus rapide Usain Bolt 9,58 sec
100%
Le plus de but en coupe du monde (footbal) Just Fontaine 13 buts
70%
Le plus haut saut à la perche Armand Duplantis 6,20m
68%
Le plus de grand chelem remporté (tennis) Rafael Nadal 21 titres
55%
Le 200m sprint le plus rapide Usain Bolt 19,19 sec
50%
Le plus de points en décathlon Kevin Mayer 9126 points
49%
Le marathon le plus rapide de l'histoire Eliud Kipchoge 2h 1min 39sec
30%
Le plus de points en un match (basketball) Wilt Chamberlain 100 points
26%
Le plus lointain saut en longueur Mike Powell 8,95m
19%
Le plus haut saut en hauteur Javier Sotomayor 2,45m
17%
Le 400m le plus rapide Wayde van Niekerk 43,03 sec
13%
Record de vitesse en Moto GP Johann Zarco 362,4 km/h
12%
Le 100m nage le plus rapide César Cielo 46,91 sec
9%
Le lancer le plus lointain de javelot Jan Železný 98,48 m
5%
Le 110m haies le plus rapide Aries Merritt 12,80s
4%
Record de vitesse en Formule 1 Juan Pablo Montoya 372,6 km/h
3%
Le service le plus rapide (tennis) Sam Groth 263 km/h
3%
Le saut libre le plus haut Alan Eustace 41 419m
0%
La plus grande vague surfée Benjamin Sanchis 30m
0%
Le plus long temps en apnée Branko Petrović 11,54 min
0%
Le but le plus lointain (football) Tom King 96,01m
0%
Aucun quiz correspondant
Distribution des résultats
% des personnes avec chaque résultat
Percentile par nombre de réponses
Votre historique - résultats
Vous n’avez pas pris ce quiz